00318 a2200133 450000100060000002000150000604000220002110000410004324000330008424500280011730000070014536200090015265000230016161829 a8532906966 cAnchieta - Pituba aMarques, Ângela Cristina Salgueiro10aUm menino... uma meninalpor10aUm menino... uma menina a220 a2006 4aLiteratura juvenil